Os mais belos contos das mil e uma noites (Registo nº 6093)

Detalhes MARC
000 -Etiqueta do registo
Valores 00727nam a2200229 4500
010 ## - Número ISBN
ISBN 9722611267
100 ## - Dados gerais de processamento
Dados gerais 20211231d1994 a||y0pory5003 ba
200 1# - Titulo e menção de responsabilidade
Título próprio Os mais belos contos das mil e uma noites
Primeira menção de responsabilidade ilustração de Dimitri Makhashvili
Outras menções de responsabilidade tradução de Carlos José Marques de Jesus
210 ## - Publicação
Local de publicação Porto
Nome do editor Civilização
Data de publicação 1994
215 ## - Descrição física 
Paginação / Volumes 98p
Outras indicações físicas il
Dimensões 30cm
225 2# - Colecção 
Título próprio da colecção Grandes Ilustradores da Escola Russa
Indicação de volume 4
300 ## - Notas gerais 
Texto da nota obra repetida
606 ## - Nome comum usado como assunto
ID Autoridade 14
Palavra de ordem Literatura infantil
606 ## - Nome comum usado como assunto
ID Autoridade 13
Palavra de ordem Literatura Estrangeira
675 ## - CDU
Notação 82-93
Edição BN
Língua por
675 ## - CDU
Notação 821.1/.8
Edição BN
Língua por
702 ## - Autor secundário (pessoa individual)
Apelido Makhashvili
Nome Dimitri
ID Autoridade 5803
801 #0 - Fonte de origem
País PT
Agência BMVN
Regras de catalogação RPC
830 ## - Notas gerais do catalogador
Criado por Ana Caetano
Data de criação 31/12/2021
990 ## - Elementos KOHA
Tipo de documento Livro
Exemplares
Situação do levantamento Biblioteca de origem Código de barras Cota Permissão de empréstimo Tipo de documento Forma de aquisição
  Biblioteca Municipal de Vendas Novas 100000005905 LI EST/MAI   Livro  

Powered by Koha